000 00632nam a2200169 a 4500
001 000012192
005 20200929162734.0
008 091106s2004 dr a 000 0 spa d
040 _aDO-SdBNP
_bspa
_cBNPHU
082 _axxx
_bR426p
110 1 _aRepública Dominicana.
_bCentro para el Desarrollo Agropecuario y Forestal (CEDAF)
_928802
245 1 0 _aProducción y certificación de material de propagación de plantas de cítricos.
260 _aSanto Domingo :
_bCEDAF,
_c2004.
300 _a23 p. :
_bil. ;
_c21 cm.
500 _aCon el auspicio de las Redes Tecnológicas REDFRUT.
710 1 _aRedes Tecnológicas REDFRUT.
_928803
999 _c11857
_d11857